00816cam a2200217 a 45000010005000000030009000050050017000140080041000310200015000720400028000870820021001151000027001362450106001632600042002693000041003115040054003525200069004066510054004756510030005296510039005598392BD-DhUAP20210128095915.0200220s2004 bg ab b 000 0 eng  a9847130442 aDLCcDLCdBD-DhUAPbEng 223a954.9204 WAH1 aWahab, A. T. M. Abdul.10aMukti Bahini wins victory :bPak military oligarchy divides Pakistan in 1971 /cA. T. M. Abdul Wahab. aDhaka :bColumbia Prokashani,cc2004. a352 pages :billustrations ;c23 cm. aIncludes bibliographical references (p. 350-351). aArticles with reference to the revolution of 1971 in Bangladesh. 0aBangladeshxHistoryyRevolution, 1971xCampaigns. 0aBangladeshxArmed Forces. 0aPakistanxPolitics and government.